| 000 | 01268cas a2200397 4500 | ||
|---|---|---|---|
| 001 | 11158709 | ||
| 005 | 20090430152422.0 | ||
| 007 | t| | ||
| 008 | 751101c19649999ii fr 0 a0eng | ||
| 010 | _asa 66002480 | ||
| 022 |
_a0019-686X _220 |
||
| 025 | _aI-E-E-740 | ||
| 035 | _a(OCoLC)ocm01774666 | ||
| 040 |
_aDLC _cMnMULS _dCtY _dAIP _dNSDP _dDLC _dOCoLC _dWaU |
||
| 042 |
_ansdp _alcd _apremarc |
||
| 043 | _aa-ii--- | ||
| 050 |
_aDS401 _b.I53 |
||
| 210 | _aIndica | ||
| 222 | _aIndica | ||
| 245 | _aIndica. | ||
| 260 |
_aBombay, _bHeras Institute of Indian History and Culture, St. Xavier's College. |
||
| 300 |
_av. _billus. _c23 cm. |
||
| 310 | _aSemiannual | ||
| 362 | _av. 1- Mar. 1964- | ||
| 550 | _aOrgan of the Heras Institute of Indian History and Culture. | ||
| 590 | _aSERBIB/SERLOC merged record | ||
| 651 |
_aIndia _xCivilization _vPeriodicals. |
||
| 710 | _aHeras Institute of Indian History and Culture. | ||
| 270 |
_aSt Xavier's College Campus, Mahapalika Marg _bMumbai _e400001 |
||
| 906 |
_a7 _bcbc _cserials _du _encip _f19 _gn-oclcserc |
||
| 936 |
_aUnknown _aSept. 2007 |
||
| 942 |
_2ddc _cSR _s1 |
||
| 999 |
_c25971 _d25971 |
||